| 000 | 00420nam a2200193Ia 4500 | ||
|---|---|---|---|
| 008 | 210210b1909 xxu||||| |||| 00| 0 eng d | ||
| 041 | _aeng | ||
| 082 | _a920/61 | ||
| 100 | _a- | ||
| 245 | _aStudy of history in schools | ||
| 260 |
_aLondon _bThe macmilan company _c1909 |
||
| 650 | _aStudy | ||
| 650 | _aschools | ||
| 650 | _aof | ||
| 650 | _ain | ||
| 650 | _ahistory | ||
| 690 | _aHistory | ||
| 906 | _a024803 | ||
| 999 |
_c150423 _d150423 |
||